| 000 | nam a22 a 4500 | ||
|---|---|---|---|
| 999 |
_c3694 _d3694 |
||
| 003 | AKMAL | ||
| 005 | 20170523152726.0 | ||
| 008 | 170523s1990 my g 00 0 eng d | ||
| 020 |
_a9679991512 (kkt): _cRgt 29.90 |
||
| 039 | 9 |
_a200906181119 _bfaridah _c200905151132 _david3 _c200710041204 _drfid1 |
|
| 040 |
_aAKMAL _cAKMAL |
||
| 049 | _amal | ||
| 082 | 0 | 4 | _a711.5580913 SAL |
| 090 | 2 |
_a711.5580913 _bSAL |
|
| 090 |
_a711.5580913 _bSAL |
||
| 100 |
_aSalleh Mohd. Nor, Dato' _97303 |
||
| 245 | 1 | 4 |
_aThe tropical garden city : _b: its creation and maintenance / _cSalleh Mohd. Nor, Wong Yew Kwan, F.S.P. Ng |
| 260 |
_aKuala Lumpur : _bForest Research Institute, _c1990 |
||
| 300 |
_a100p. : _bcol. ill. ; _c30cm |
||
| 504 | _aBibliography: p. 97 | ||
| 650 | 1 |
_aGarden cities _zTropics _97304 |
|
| 650 | 2 |
_aGarden cities _zMalaysia _vCongresses _97305 |
|
| 700 | 1 |
_aWong, Yew Kwan _97306 |
|
| 700 | 1 |
_aNg, F. S. P. _q(Francis S. P.) _97307 |
|
| 710 | 2 |
_aInstitut Penyelidikan Perhutanan Malaysia _97308 |
|
| 942 |
_2ddc _cBOOK |
||